Modely regionálního trhu z pohledu jednotlivých účastníků tržního procesu
Moderné prístupy v regionálnom marketingu. Špecifiká regionálnych a marketingových modelov. Modelovanie regionálneho trhu s využitím dotazníkového prieskumu. Modely regionálneho trhu z pohľadu jednotlivých účastníkov trhového procesu.
Saved in:
| Main Author: | |
|---|---|
| Format: | Book Chapter |
| Language: | Czech |
| Subjects: | |
| Tags: |
No Tags, Be the first to tag this record!
|
MARC
| LEADER | 00000naa a2200000 4500 | ||
|---|---|---|---|
| 001 | r043224 | ||
| 005 | 20230921120512.1 | ||
| 041 | 0 | |a cze | |
| 044 | |a CZ | ||
| 245 | 1 | 0 | |a Modely regionálního trhu z pohledu jednotlivých účastníků tržního procesu |c Václav Friedrich |
| 520 | |a Moderné prístupy v regionálnom marketingu. Špecifiká regionálnych a marketingových modelov. Modelovanie regionálneho trhu s využitím dotazníkového prieskumu. Modely regionálneho trhu z pohľadu jednotlivých účastníkov trhového procesu. | ||
| 610 | 2 | 0 | |a marketing regionálny |
| 610 | 2 | 0 | |a trh regionálny |
| 610 | 2 | 0 | |a modely |
| 610 | 2 | 0 | |a marketing |
| 610 | 2 | 0 | |a modely trhu |
| 610 | 2 | 0 | |a dotazníky |
| 610 | 2 | 0 | |a prieskum trhu |
| 610 | 2 | 0 | |a analýza trhu |
| 610 | 2 | 0 | |a modelovanie |
| 100 | 1 | |a Friedrich, Václav | |